000 00241nam a2200097Ia 4500
008 170619s9999 xx 000 0 und d
100 _aSpiegel M R
245 0 _aMathematical handbook of formulas & tables
260 _bNew Dehi: TMH
260 _c1999
546 _aENGLISH
999 _c16066
_d16066